书目信息 |
| 书名: | Popular writing in America | |
| 作者: | [compiled by] Donald McQuade, Robert Atwan | |
| 分册号: | ||
| 分册名: | 出版地: | New York : |
|
| 出版社: | Oxford University Press | |
| 出版时间: | 1980. | |
| 页数: | xxxii, 607 p., [1] leaf of plates : | |
| 开本: | 27 cm. | |
| 丛书名: | ||
| 中图分类号: | ||
| 科图分类号: | ||
| 其他分类号: | H319.4 | |
| 主题词: | ||
| 电子资源: | ||
| 000 | 01297nam 2200361 a 4500 | |
| 001 | E0755040099 | |
| 003 | DLC | |
| 005 | 20070228151737.15 | |
| 008 | uu | |
| 008 | 790823s1980 nyuaf 00010 eng | |
| 010 | @a79020655 //r972 | |
| 020 | @a0195026934. | |
| 040 | @aDLC @cDLC @dDLC | |
| 049 | @aN5LA | |
| 050 | 00 | @aPE1417 @b.M35 1980 |
| 082 | 00 | @a808/.0427 @219 |
| 090 | @a2/I712.65/MD/ 1980//////////////*965045-6/ 2cop. | |
| 090 | @aH319.4 | |
| 096 | @aI712.65 @v2 | |
| 099 | @dH319.4@ex10 | |
| 100 | 10 | @aMcQuade, Donald, @ecomp. |
| 245 | 10 | @aPopular writing in America :@bthe interaction of style and audience / @c[compiled by] Donald McQuade, Robert Atwan |
| 250 | @a2d ed. | |
| 260 | 0 | @aNew York :@bOxford University Press,@c1980. |
| 300 | @axxxii, 607 p., [1] leaf of plates :@bill. ;@c27 cm. | |
| 650 | 0 | @aAmerican prose literature @y20th century. |
| 650 | 0 | @aReport writing @xProblems, exercises, etc. |
| 650 | 0 | @aCollege readers. |
| 650 | 0 | @aPopular culture @zUnited States @xProblems, exercises, etc. |
| 650 | 0 | @aReaders @xUnited States. |
| 650 | 0 | @aPopular literature @zUnited States. |
| 700 | 10 | @aAtwan, Robert. @b00 @c20020930 @lNLC09 @h2248 @lNLC09 @h2318 @lNLC09 @h1909 |
| 852 | 9 | @bWWJC @cJ08S @k2 @hI712.65 @iMD/1980 |
| Popular writing in America : : the interaction of style and audience / / [compiled by] Donald McQuade, Robert Atwan.-2d ed.-New York : : Oxford University Press, , 1980. |
| xxxii, 607 p., [1] leaf of plates : : ill. ; ; 27 cm. |
| ISBN 0195026934. |
| ● |
| 相关链接 |
|
|
|
|
正题名:Popular writing in America
索取号:H319.4/x10
 
预约/预借
| 序号 | 登录号 | 条形码 | 馆藏地/架位号 | 状态 | 备注 |
| 1 | 180261 | 001182730 | 第二样本阅览室/ [索取号:H319.4/x10] | 在馆 | |
| 2 | 180262 | 001182794 | 第四借阅区/ [索取号:H319.4/x10] | 在馆 | |
| 3 | 180263 | 001182801 | 第四借阅区/ [索取号:H319.4/x10] | 在馆 |